[Event "Besancon op"]
[Site "Besancon"]
[Date "2008.12.29"]
[Round "5"]
[White "Miletic, Nikola"]
[Black "Cau, Benjamin"]
[Result "0-1"]
[WhiteElo "2000"]
[BlackElo "2184"]
[PlyCount "106"]
[EventDate "2008.12.26"]
[EventType "swiss"]
[EventRounds "7"]
[EventCountry "FRA"]
[SourceTitle "CBM 128 Extra"]
[Source "ChessBase"]
[SourceDate "2009.03.05"]
[SourceVersion "2"]
[SourceVersionDate "2009.03.25"]
[SourceQuality "1"]

1. d4 d5 2. Nf3 Nf6 3. c4 c6 4. e3 Bf5 5. Nc3 e6 6. Be2 Bd6 7. 0-0 Nbd7 8. b3 0-0 9. Bb2 Qe7 10. Rc1 Bg6 11. Re1 Rfd8 12. Bd3 Ne4 13. Qc2 f5 14. g3 Bh5 15. Nd2 Rf8 16. f4 Rf7 17. Be2 Bxe2 18. Rxe2 g5 19. Nf3 h6 20. c5 Bc7 21. b4 a6 22. a4 Rg7 23. Kh1 Qe8 24. Ne5 Ndf6 25. Rg2 Nxc3 26. Qxc3 Ne4 27. Qb3 Bxe5 28. dxe5 Qh5 29. Rf1 Kh7 30. Bc3 Rag8 31. Be1 Qh3 32. Kg1 h5 33. Qd1 Kh6 34. Rf3 Qg4 35. h3 Qxh3 36. g4 fxg4 37. Rxh3 gxh3 38. fxg5+ Nxg5 39. Rg3 h4 40. Rg4 Nf3+ 41. Qxf3 Rxg4+ 42. Kh2 Rg2+ 43. Kxh3 R2g3+ 44. Bxg3 Rxg3+ 45. Qxg3 hxg3 46. Kxg3 Kg5 47. Kf3 Kf5 48. Ke2 Kxe5 49. Kd3 Kf5 50. Kd4 e5+ 51. Kd3 Kg4 52. Ke2 Kg3 53. Kd3 Kf3 0-1